| 000 | 00694nam a2200181 a 4500 | ||
|---|---|---|---|
| 001 | 001133944 | ||
| 003 | AM-YeHGA | ||
| 005 | 20250618074508.0 | ||
| 008 | 030916s1936 nyua|||brf|||||0||||arm|d | ||
| 040 | _aAM-YeHGA | ||
| 245 | 0 | 0 |
_aՓեթակ : _bԸնթերցարան հայ մանուկներու / _cՊատրաստեց Յ.Գ. Նիկողոսեան. |
| 260 |
_aՆիւ Եորք : _bԿոչնակ, _c1936-. |
||
| 300 |
_aԳիրք : _bնկարներ ; _c20 սմ. |
||
| 505 | 1 | 0 |
_gԱ գիրք (1936, 46 էջ: նկարներ) _gԲ. գ. (1941, 95 էջ: նկ.) |
| 650 | 1 | 4 |
_aՀայոց լեզու _vԸնթերցարան _94817 |
| 700 | 1 |
_aՆիկողոսեան, Յ. Գ. _eկազմ. _4com |
|
| 090 | _c365825 | ||
| 999 |
_c363970 _d363970 |
||